01107nam a2200265 a 450000100060000000300080000600500170001400800410003103500200007204000390009204100080013108200220013924501200016126000460028130000270032750000200035450500630037465100340043765100290047170000260050094200120052699900170053895201450055595201410070037394BD-RjUL20211209052614.0160718s1937 enkb b 001 0 eng d a(BD-RjUL) 37498 aNUNbengcNUNdNUNEdVJTLdBD-RjUL aeng04221a940bEUR 193700aEuropean civilization :bits origin and development /cby various contributors, under the direction of Edward Eyre. aLondon :bOxford University Press,c1937. a Vol :bill. ;c23 cm. aIncludes index.0 aV . 5.-- Economic history of Europe since the Reformation. 0aEuropexCivilization.9114721 0aEuropexHistory.91147221 aEyre, Edward.9114723 2ddccBK c37394d37394 00102ddc40718NFICaRUCLbRUCLcReadingd1955-09-11eB.H. Blockwellg12.13l0o940 EUR V-5 1937r2014-12-31 00:00:00tC-1w2014-12-31yBK 00102ddc40708NFICaRUCLbRUCLcStackd1955-06-27eO.U.P Press.g25.50l0o940 EUR V-5 1937r2015-01-22 00:00:00tC-2w2021-12-09yBK